01508nam a2200325 a 4500001001200000003000800012006001900020007001500039008004100054010001700095020001500112040002100127035002000148050002500168082002300193245023700216260005500453300001500508504004100523533015200564650006300716650005700779650006100836650004600897650005000943655002900993710001701022856012601039999001701165ebr10041179CaPaEBRm u cr cn|||||||||970612s1997 dcu sb 000 0 eng d z 97066336  z0309057418 aCaPaEBRcCaPaEBR a(OCoLC)5611936914aUA770b.P6932 1997eb04a327.1/747/094722100aProliferation concernsh[electronic resource] :bassessing U.S. efforts to help contain nuclear and other dangerous materials and technologies in the former Soviet Union /cOffice of International Affairs, National Research Council. aWashington, D.C. :bNational Academy Press,c1997. axv, 142 p. aIncludes bibliographical references. aElectronic reproduction.bPalo Alto, Calif. :cebrary,d2013.nAvailable via World Wide Web.nAccess may be limited to ebrary affiliated libraries. 0aNuclear weaponszFormer Soviet republicsxSafety measures. 0aNuclear nonproliferationxInternational cooperation. 0aTechnical assistance, AmericanzFormer Soviet republics. 0aExport controlszFormer Soviet republics. 0aNuclear disarmamentzFormer Soviet republics. 7aElectronic books.2local2 aebrary, Inc.40uhttp://site.ebrary.com/lib/rucke/Doc?id=10041179zAn electronic book accessible through the World Wide Web; click to view c60802d60802